Normal view
MARC view
- Heglar, Charles J
Entry Personal Name
001 - CONTROL NUMBER
- control field: 315840
003 - CONTROL NUMBER IDENTIFIER
- control field: KE-NaSUL
005 - DATE AND TIME OF LATEST TRANSACTION
- control field: 20250827104449.0
008 - FIXED-LENGTH DATA ELEMENTS
- fixed length control field: 250827|| aca||aabn | a|a d
040 ## - CATALOGING SOURCE
- Original cataloging agency: KE-NaSUL
- Transcribing agency: KE-NaSUL
100 ## - HEADING--PERSONAL NAME
- Personal name: Heglar, Charles J
670 ## - SOURCE DATA FOUND
- Source citation: Work cat.: (KE-NaSUL)274784: Bibb, Henry, b. 1815. 315838, The life and adventures of Henry Bibb, c2001.